|
|
|
|
| LEADER |
00000nam a2200000 4500 |
| 001 |
vtls011756506 |
| 003 |
SK-MaSNL |
| 005 |
20260426000442.0 |
| 007 |
co bg auuua |
| 008 |
180516s2017 xo | fqn 100 0 slo |
| 015 |
|
|
|a SNBS2018
|
| 020 |
|
|
|a 9788071604549
|q (elektronická kniha)
|
| 040 |
|
|
|a SNK
|b slo
|c SNK
|e rda
|
| 041 |
0 |
|
|a slo
|
| 043 |
|
|
|a e-xo---
|
| 044 |
|
|
|a xo
|c SK
|
| 072 |
|
7 |
|a 342
|x Ústavné právo. Správne právo
|2 konspekt
|
| 080 |
|
|
|a 342.95
|2 2011
|
| 080 |
|
|
|a 343.232
|2 2011
|
| 080 |
|
|
|a 34
|2 2011
|
| 080 |
|
|
|a (437.6)
|2 2011
|
| 080 |
|
|
|a (062.534)
|2 2011
|
| 080 |
|
|
|a (0.034.44)
|2 2011
|
| 245 |
0 |
0 |
|a Nová právna úprava správneho trestania
|b zborník z vedeckej konferencie konanej dňa 10. novembra 2017 na pôde Právnickej fakulty, Univerzity Komenského v Bratislave, ktorá sa uskutočnila v rámci projektu VEGA č. 1/0136/15 "Právna úprava správneho trestania"
|c zostavovatelia: Mária Srebalová, Ingrida Papáčová
|
| 264 |
|
1 |
|a Bratislava
|b Univerzita Komenského v Bratislave, Právnická fakulta
|c 2017
|
| 300 |
|
|
|a 1 CD-ROM
|c 12 cm
|
| 336 |
|
|
|a text
|b txt
|2 rdacontent
|
| 337 |
|
|
|a počítač
|b c
|2 rdamedia
|
| 338 |
|
|
|a počítačový disk
|b cd
|2 rdacarrier
|
| 347 |
|
|
|a textový súbor
|b PDF
|2 rda
|
| 490 |
1 |
|
|a Sympóziá, kolokviá, konferencie
|
| 504 |
|
|
|a Obsahuje bibliografické odkazy
|
| 650 |
0 |
7 |
|a správne právo trestné
|2 SNKPH
|9 345340
|
| 650 |
0 |
7 |
|a správne delikty
|2 SNKPH
|9 361799
|
| 650 |
0 |
7 |
|a právne predpisy
|2 SNKPH
|9 1155
|
| 650 |
0 |
7 |
|a Criminal administrative law
|2 SNKPHeng
|9 345342
|
| 650 |
0 |
7 |
|a Administrative offences
|2 SNKPHeng
|9 558146
|
| 650 |
0 |
7 |
|a Legal regulations
|2 SNKPHeng
|9 278724
|
| 651 |
|
7 |
|a Slovensko
|2 SNKPHgeo
|9 14231
|
| 651 |
|
7 |
|a Slovakia
|2 SNKPHeng
|9 92630
|
| 655 |
|
7 |
|a zborníky konferencií
|2 SNKPH
|9 70153
|
| 655 |
|
7 |
|a CD-ROM
|2 SNKPH
|9 70236
|
| 655 |
|
7 |
|a Proceedings of conferences
|2 SNKPHeng
|9 265791
|
| 700 |
1 |
|
|a Srebalová, Mária,
|d 1968-
|4 com
|9 240431
|
| 700 |
1 |
|
|a Papáčová, Ingrida
|4 com
|9 363461
|
| 810 |
2 |
|
|a Univerzita Komenského v Bratislave.
|b Právnická fakulta
|t Sympóziá, kolokviá, konferencie
|9 176501
|
| 919 |
|
|
|a 978-80-7160-454-9
|
| 958 |
|
|
|a NB
|
| 999 |
|
|
|c 856150
|d 858080
|
| 952 |
|
|
|a SNK
|b SNK
|y PREZ
|7 0
|p 17A1330370
|o snkSCDM 9900
|i snk2018/10567
|8 0
|0 0
|1 0
|4 0
|d 2018-05-16
|l 0
|r 2026-02-24 04:56:42
|w 2026-02-24
|